Test de vocab français-anglais (5) - Statistiques

Statistiques générales
  • Ce quiz a été pris 32 fois
  • Le résultat moyen est 4 sur 16
Statistiques - réponses
Français Anglais % Correct
le mensonge lie
93%
le club de golf (tous les sens) golf club
48%
la balançoire swing
44%
couler to sink
44%
la mûre blackberry
33%
le gel frost
30%
le tonneau barrel
26%
la poingnée handle
22%
accoucher to give birth
19%
écorce bark
11%
le poteau pole
11%
concevoir to design
11%
la groseille (à maquereau) gooseberry
7%
la rubrique section
7%
la tige stem
7%
la morse walrus
7%
Aucun quiz correspondant
Distribution des résultats
% des personnes avec chaque résultat
Percentile par nombre de réponses
Votre historique - résultats
Vous n’avez pas pris ce quiz